[Event "4MCR_3DW_1L_2S"]
[Site "CR"]
[Date "2011.??.??"]
[Round "?"]
[White "Kratochvil, Jan"]
[Black "Kyhos, Alois"]
[Result "1-0"]
[WhiteElo "2114"]
[BlackElo "2315"]
[Annotator "052"]
[PlyCount "133"]
[EventDate "2011.??.??"]
[EventType "corr"]

1. d4 Nf6 2. c4 e6 3. Nc3 Bb4 4. e3 O-O 5. Bd3 d5 6. Nf3 c5 7. O-O Nc6 8. a3
Bxc3 9. bxc3 dxc4 10. Bxc4 Qc7 11. Bb2 e5 12. h3 Bf5 13. Qe2 Rfe8 14. Rfd1 e4
15. Nd2 Rad8 16. Nb3 cxd4 17. cxd4 Nd5 18. Nc5 Bc8 19. Rac1 Qd6 20. Qh5 f5 21.
Rd2 Kh8 22. Na4 Nce7 23. Bxd5 Nxd5 24. Nc3 g6 25. Qh4 Be6 26. Rdc2 Qe7 27. Qg3
Qd6 28. Qg5 Qe7 29. Qh6 Qg7 30. Qxg7+ Kxg7 31. Nxd5 Bxd5 32. Rc7+ Kh6 33. h4
Re6 34. a4 Rc6 35. Kh2 a5 36. Kg3 g5 37. hxg5+ Kxg5 38. Rxh7 Rxc1 39. Bxc1 Bc6
40. Ba3 f4+ 41. exf4+ Kg6 42. Re7 Kf6 43. Bc5 Rg8+ 44. Kh2 Rh8+ 45. Kg1 Rh5 46.
Rc7 Kf5 47. Bd6 Rh6 48. Be5 Rg6 49. d5 Bxd5 50. Rc5 Bb3 51. Bc7+ Kg4 52. Rxa5
Rg7 53. Bb8 Rg6 54. Kf1 Rg8 55. Be5 Rf8 56. Ke2 b6 57. Ra7 Rf7 58. Ra8 Rd7 59.
Rh8 Kf5 60. Rf8+ Kg4 61. Ke3 Rd1 62. f3+ Kg3 63. fxe4 Kxg2 64. Ke2 Rf1 65. f5
Bd1+ 66. Ke3 Bb3 67. Rh8 1-0

[Event "4MCR_3DW_1L_2S"]
[Site "CR"]
[Date "2011.??.??"]
[Round "?"]
[White "Mezera, Lukas"]
[Black "Alexa, Jaroslav"]
[Result "1/2-1/2"]
[WhiteElo "2319"]
[BlackElo "2327"]
[Annotator "053"]
[PlyCount "117"]
[EventDate "2011.??.??"]
[EventType "corr"]

1. e4 c5 2. Nf3 Nc6 3. d4 cxd4 4. Nxd4 Nf6 5. Nc3 e5 6. Ndb5 d6 7. Bg5 a6 8.
Na3 b5 9. Bxf6 gxf6 10. Nd5 Bg7 11. c3 f5 12. exf5 Bxf5 13. Nc2 O-O 14. Nce3
Be6 15. Bd3 f5 16. O-O Ra7 17. a4 Ne7 18. Nxe7+ Rxe7 19. axb5 axb5 20. Bxb5 d5
21. Ra6 Kh8 22. Qa4 f4 23. Nc2 Bc8 24. Ra8 Re6 25. Qa5 Qg5 26. Ra1 e4 27. Qc7
Rg6 28. Ne1 Qf5 29. Qc5 Rg8 30. f3 Bf6 31. Kh1 d4 32. Qxf5 Bxf5 33. Rxg8+ Rxg8
34. fxe4 Bxe4 35. Bd3 Bxd3 36. Nxd3 dxc3 37. bxc3 Bxc3 38. Rf1 Bd2 39. Nxf4
Bxf4 40. Rxf4 Rb8 41. h4 Kg7 42. Rg4+ Kf6 43. Kh2 Rb5 44. Rf4+ Kg6 45. g4 Rb2+
46. Kg3 Rb3+ 47. Rf3 Rxf3+ 48. Kxf3 Kf6 49. Ke4 Ke6 50. Kf4 Kf6 51. g5+ Kg6 52.
Kg4 h6 53. h5+ Kg7 54. g6 Kf6 55. Kf4 Ke6 56. Ke4 Kf6 57. Kd5 Kg7 58. Ke6 Kf8
59. Kf6 1/2-1/2

[Event "4MCR_3DW_1L_2S"]
[Site "CR"]
[Date "2011.??.??"]
[Round "?"]
[White "Alexa, Jaroslav"]
[Black "Mudra, Oldrich"]
[Result "1-0"]
[WhiteElo "2327"]
[BlackElo "2154"]
[Annotator "054"]
[PlyCount "103"]
[EventDate "2011.??.??"]
[EventType "corr"]

1. d4 d5 2. c4 c6 3. Nf3 Nf6 4. Nc3 e6 5. Bg5 h6 6. Bh4 dxc4 7. e4 g5 8. Bg3 b5
9. Be2 Bb7 10. h4 g4 11. Ne5 h5 12. O-O Nbd7 13. Qc2 Nxe5 14. Bxe5 Bg7 15. b3
cxb3 16. axb3 O-O 17. Bg3 Ne8 18. e5 Qxd4 19. Rad1 Qc5 20. b4 Qxb4 21. Ne4 Qe7
22. Ng5 f5 23. exf6 Bxf6 24. Qg6+ Qg7 25. Qxh5 Bxg5 26. hxg5 Rf5 27. Bxg4 Qxg5
28. Qh3 Nf6 29. Rd4 c5 30. Bh4 Qg7 31. Bxf5 exf5 32. Bxf6 Qxg2+ 33. Qxg2+ Bxg2
34. Rh4 Bxf1 35. Rh8+ Kf7 36. Rxa8 Bd3 37. Bh8 Ke6 38. Rxa7 b4 39. f3 Kd6 40.
Kf2 Kc6 41. Ke3 Bf1 42. Rf7 Bh3 43. Kd2 c4 44. Bg7 Kd6 45. Bf8+ Ke6 46. Rc7 Bf1
47. Bxb4 Kd5 48. Ke1 Bd3 49. Rd7+ Kc6 50. Rxd3 cxd3 51. Kd2 Kb5 52. Bc3 1-0

[Event "4MCR_3DW_1L_2S"]
[Site "CR"]
[Date "2011.??.??"]
[Round "?"]
[White "Mezera, Lukas"]
[Black "Paulik, Vaclav"]
[Result "1-0"]
[WhiteElo "2319"]
[BlackElo "2281"]
[Annotator "055"]
[PlyCount "103"]
[EventDate "2011.??.??"]
[EventType "corr"]

1. e4 c5 2. Nf3 Nc6 3. d4 cxd4 4. Nxd4 e5 5. Nb5 d6 6. c4 Be7 7. N1c3 a6 8. Na3
Be6 9. Nc2 Bg5 10. Be2 Bxc1 11. Rxc1 Nf6 12. O-O O-O 13. Qd2 Rc8 14. Rfd1 Qb6
15. b3 Rfd8 16. h3 h6 17. Bf3 Qa5 18. Nd5 Bxd5 19. Qxa5 Nxa5 20. cxd5 Rc3 21.
Nb4 Rdc8 22. Rxc3 Rxc3 23. Kf1 g6 24. Rd2 Kf8 25. Rc2 Rc5 26. Ke2 Ke7 27. h4
Ne8 28. h5 Nf6 29. hxg6 fxg6 30. g3 g5 31. Ke3 Kd7 32. Be2 g4 33. f3 gxf3 34.
Bxf3 Rxc2 35. Nxc2 Kc7 36. Nb4 Kb6 37. Kf2 Kc7 38. g4 Kc8 39. Kg3 Kc7 40. Kh4
b5 41. Nxa6+ Kb6 42. Nb4 Nb7 43. Nd3 Na5 44. g5 hxg5+ 45. Kxg5 Nd7 46. Bg4 Nb8
47. Kf6 Kb7 48. Bh5 Nd7+ 49. Ke6 Kc7 50. Be8 Nf8+ 51. Ke7 Nh7 52. Bxb5 1-0

[Event "4MCR_3DW_1L_2S"]
[Site "CR"]
[Date "2011.??.??"]
[Round "?"]
[White "Cernovsky, Karel"]
[Black "Svoboda, Frantisek"]
[Result "1/2-1/2"]
[WhiteElo "2253"]
[BlackElo "2416"]
[Annotator "056"]
[PlyCount "120"]
[EventDate "2011.??.??"]
[EventType "corr"]

1. e4 e6 2. d4 d5 3. Nc3 Nf6 4. Bg5 dxe4 5. Nxe4 Be7 6. Bxf6 Bxf6 7. Nf3 Nd7 8.
Qd2 O-O 9. O-O-O Be7 10. Bd3 b6 11. h4 Bb7 12. Qe2 c5 13. dxc5 Qc7 14. Neg5 h6
15. cxb6 Qf4+ 16. Kb1 hxg5 17. hxg5 g6 18. Bxg6 Bxf3 19. gxf3 Nxb6 20. Bh7+ Kg7
21. Be4 Rad8 22. Rh7+ Kg8 23. Rdh1 Bxg5 24. R7h5 Rd2 25. Qb5 f5 26. Bxf5 exf5
27. Qc6 Rd6 28. Rxg5+ Qxg5 29. Qxd6 f4 30. Qe6+ Kg7 31. a4 Rh8 32. Re1 Rd8 33.
Re5 Rd1+ 34. Ka2 Qg6 35. Qe7+ Qf7+ 36. b3 Qxe7 37. Rxe7+ Kf6 38. Rxa7 Nd5 39.
Kb2 Rd2 40. a5 Rxf2 41. a6 Nb4 42. Ra8 Nxa6 43. Rxa6+ Ke5 44. Ra5+ Ke6 45. Kc3
Rxf3+ 46. Kd4 Rf2 47. Re5+ Kf6 48. Rc5 Re2 49. Rc8 Ke7 50. Kd3 Re3+ 51. Kd2 Kd6
52. Rd8+ Kc5 53. c3 Rh3 54. b4+ Kc4 55. Rc8+ Kd5 56. c4+ Ke4 57. b5 f3 58. Rf8
Kd4 59. Rf4+ Kc5 60. Ke3 f2+ 1/2-1/2

[Event "4MCR_3DW_1L_2S"]
[Site "CR"]
[Date "2011.??.??"]
[Round "?"]
[White "Portych, Vaclav"]
[Black "Svoboda, Frantisek"]
[Result "1/2-1/2"]
[WhiteElo "2178"]
[BlackElo "2416"]
[Annotator "057"]
[PlyCount "67"]
[EventDate "2011.??.??"]
[EventType "corr"]

1. c4 e5 2. g3 Nf6 3. Nc3 Bb4 4. Nf3 Nc6 5. Nd5 e4 6. Nh4 O-O 7. Bg2 Bc5 8. O-O
Re8 9. d3 exd3 10. Qxd3 Ne5 11. Qc3 c6 12. Be3 Nxd5 13. cxd5 Bxe3 14. Qxe3 Ng6
15. Qd4 Nxh4 16. gxh4 Qb6 17. Qd2 d6 18. dxc6 bxc6 19. Qxd6 Re6 20. Qd2 Ba6 21.
Rfe1 Rd8 22. Qc2 h6 23. e3 Bd3 24. Qb3 Qa5 25. Red1 Red6 26. Rac1 Qf5 27. Rxc6
Rxc6 28. Bxc6 Kh7 29. Bg2 Bc2 30. Qxc2 Qxc2 31. Rxd8 Qb1+ 32. Bf1 Qxb2 33. a4
Qa2 34. Rd4 1/2-1/2

[Event "4MCR_3DW_1L_2S"]
[Site "CR"]
[Date "2011.??.??"]
[Round "?"]
[White "Paulik, Vaclav"]
[Black "Svoboda, Frantisek"]
[Result "1/2-1/2"]
[WhiteElo "2281"]
[BlackElo "2416"]
[Annotator "058"]
[PlyCount "83"]
[EventDate "2011.??.??"]
[EventType "corr"]

1. e4 e6 2. d4 d5 3. Nc3 Nf6 4. Bg5 dxe4 5. Nxe4 Be7 6. Bxf6 Bxf6 7. Nf3 Nd7 8.
Qd2 O-O 9. O-O-O Be7 10. Bd3 b6 11. h4 Bb7 12. Qe2 c5 13. Neg5 h6 14. Bh7+ Kh8
15. Be4 Bxe4 16. Nxe4 Qc7 17. Kb1 Rad8 18. g4 Qf4 19. g5 cxd4 20. Nxd4 Ne5 21.
c3 Bc5 22. Nb5 Nc6 23. gxh6 gxh6 24. Nxc5 bxc5 25. Qe3 Qxe3 26. fxe3 Rg8 27. b3
Kg7 28. Nd6 Kf8 29. Ne4 Rxd1+ 30. Rxd1 Rg4 31. Nxc5 Rxh4 32. b4 h5 33. b5 Ne5
34. Nd7+ Nxd7 35. Rxd7 Ra4 36. Kb2 h4 37. Kb3 Rg4 38. Rxa7 h3 39. b6 h2 40. b7
h1=Q 41. b8=Q+ Kg7 42. Qe5+ 1/2-1/2

[Event "4MCR_3DW_1L_2S"]
[Site "CR"]
[Date "2011.??.??"]
[Round "?"]
[White "Alexa, Jaroslav"]
[Black "Paulik, Vaclav"]
[Result "1/2-1/2"]
[WhiteElo "2327"]
[BlackElo "2281"]
[Annotator "059"]
[PlyCount "107"]
[EventDate "2011.??.??"]
[EventType "corr"]

1. d4 Nf6 2. c4 e6 3. Nf3 b6 4. g3 Ba6 5. b3 Bb7 6. Bg2 Bb4+ 7. Bd2 c5 8. O-O
O-O 9. Bxb4 cxb4 10. Qd3 d6 11. Nbd2 Qc7 12. Ne1 Bxg2 13. Nxg2 h6 14. e4 Nbd7
15. Ne3 a5 16. f4 e5 17. fxe5 dxe5 18. Nd5 Qd6 19. c5 bxc5 20. Nc4 Qe6 21. Nc7
Qc6 22. Nxa8 exd4 23. e5 Nh7 24. Qf5 Ng5 25. Nxa5 Qxa8 26. h4 Ne6 27. Nc4 Qd5
28. Rae1 g6 29. Qf2 Ng7 30. Qg2 Qxg2+ 31. Kxg2 Re8 32. g4 Re6 33. Rf3 Re7 34.
Rf2 h5 35. gxh5 Nxh5 36. Kf3 Re6 37. Rfe2 Ng7 38. Re4 Kf8 39. R1e2 Ke7 40. Nb2
Nf5 41. Nd3 Ne3 42. Rd2 Ke8 43. Rh2 Ra6 44. Rf4 Ke7 45. Ke4 Nd1 46. h5 Nc3+ 47.
Kf3 gxh5 48. Rf5 Rxa2 49. Rxa2 Nxa2 50. Rxh5 Nc3 51. Rh6 c4 52. bxc4 b3 53. Kf4
Na4 54. Ke4 1/2-1/2

[Event "4MCR_3DW_1L_2S"]
[Site "CR"]
[Date "2011.??.??"]
[Round "?"]
[White "Mezera, Lukas"]
[Black "Kyhos, Alois"]
[Result "1/2-1/2"]
[WhiteElo "2319"]
[BlackElo "2315"]
[Annotator "060"]
[PlyCount "67"]
[EventDate "2011.??.??"]
[EventType "corr"]

1. e4 e5 2. Nf3 Nc6 3. Bb5 a6 4. Ba4 Nf6 5. O-O Be7 6. Re1 b5 7. Bb3 O-O 8. c3
d5 9. exd5 Nxd5 10. Nxe5 Nxe5 11. Rxe5 c6 12. d4 Bd6 13. Re1 Qh4 14. g3 Qh3 15.
Be3 Bg4 16. Qd3 Rae8 17. Nd2 f5 18. f4 Kh8 19. Bxd5 cxd5 20. Qf1 Qh5 21. a4
bxa4 22. Rxa4 g5 23. Raa1 Re6 24. fxg5 Rfe8 25. Qf2 f4 26. gxf4 Bh3 27. Kh1 h6
28. Nf3 Bg4 29. Ne5 Bxe5 30. dxe5 Rf8 31. Rf1 hxg5 32. Rae1 Kh7 33. Bd2 Rh6 34.
f5 1/2-1/2

[Event "4MCR_3DW_1L_2S"]
[Site "CR"]
[Date "2011.??.??"]
[Round "?"]
[White "Kyhos, Alois"]
[Black "Mezera, Lukas"]
[Result "0-1"]
[WhiteElo "2315"]
[BlackElo "2319"]
[Annotator "061"]
[PlyCount "96"]
[EventDate "2011.??.??"]
[EventType "corr"]

1. d4 Nf6 2. c4 g6 3. Nc3 d5 4. cxd5 Nxd5 5. e4 Nxc3 6. bxc3 Bg7 7. Bc4 O-O 8.
Ne2 c5 9. O-O Nc6 10. Be3 Bg4 11. f3 Na5 12. Bd5 Bd7 13. Rb1 Qc7 14. dxc5 e6
15. Bb3 Rfd8 16. Qd6 Qxd6 17. cxd6 Bb5 18. Kf2 Rxd6 19. Rfd1 Rxd1 20. Rxd1 b6
21. g3 Rc8 22. f4 h5 23. Nd4 Bc4 24. e5 Bf8 25. Bxc4 Nxc4 26. Nb5 Nxe3 27. Kxe3
a6 28. Nd6 Rxc3+ 29. Ke4 b5 30. Rd4 h4 31. gxh4 Ra3 32. Ne8 Be7 33. Rd7 Bxh4
34. Rd2 f5+ 35. exf6 Kf7 36. Nd6+ Kxf6 37. Rc2 g5 38. fxg5+ Bxg5 39. Rf2+ Ke7
40. Ke5 Re3+ 41. Ne4 Bf6+ 42. Kf4 Bd4 43. Rc2 e5+ 44. Kf5 Rf3+ 45. Kg5 Ke6 46.
Re2 a5 47. h4 Re3 48. Rxe3 Bxe3+ 0-1

[Event "4MCR_3DW_1L_2S"]
[Site "CR"]
[Date "2011.??.??"]
[Round "?"]
[White "Bares, Jiri"]
[Black "Mudra, Oldrich"]
[Result "1/2-1/2"]
[WhiteElo "2219"]
[BlackElo "2154"]
[Annotator "062"]
[PlyCount "94"]
[EventDate "2011.??.??"]
[EventType "corr"]

1. d4 Nf6 2. c4 e6 3. Nf3 d5 4. Nc3 Be7 5. Bg5 h6 6. Bh4 O-O 7. e3 b6 8. cxd5
Nxd5 9. Bxe7 Qxe7 10. Rc1 Bb7 11. Be2 c5 12. dxc5 Qxc5 13. O-O Qb4 14. Qd2 Nxc3
15. Rxc3 Qe7 16. Rd1 Nc6 17. a3 Rfd8 18. Qc2 Rxd1+ 19. Qxd1 Rd8 20. Qc2 Qd6 21.
b4 a6 22. h3 Ne7 23. Rd3 Qb8 24. Rxd8+ Qxd8 25. Nd2 Qd6 26. Nc4 Qc7 27. Qd3 Bd5
28. e4 Qxc4 29. exd5 Qxd3 30. Bxd3 Nxd5 31. Bxa6 Kf8 32. Bc4 Nc3 33. f4 Ke7 34.
Kf2 Kd6 35. Ke3 b5 36. Kd4 Nd5 37. Bxb5 Nxf4 38. a4 e5+ 39. Kc3 Nxg2 40. a5 f5
41. a6 Ne3 42. a7 Nd5+ 43. Kd3 Nb6 44. Be8 Kc7 45. Bg6 Kb7 46. Bxf5 Kxa7 47.
Ke4 Ka6 1/2-1/2

[Event "4MCR_3DW_1L_2S"]
[Site "CR"]
[Date "2011.??.??"]
[Round "?"]
[White "Portych, Vaclav"]
[Black "Bares, Jiri"]
[Result "1/2-1/2"]
[WhiteElo "2178"]
[BlackElo "2219"]
[Annotator "063"]
[PlyCount "71"]
[EventDate "2011.??.??"]
[EventType "corr"]

1. c4 Nf6 2. Nf3 e6 3. Nc3 d5 4. d4 Be7 5. Qc2 O-O 6. Bg5 h6 7. Bh4 c6 8. e3
Nbd7 9. Rc1 a6 10. a3 Re8 11. Bd3 dxc4 12. Bxc4 b5 13. Ba2 c5 14. O-O cxd4 15.
Nxd4 Bb7 16. Rfd1 Qb6 17. h3 Rac8 18. Qe2 Bd6 19. Bb1 g5 20. Bg3 Bxg3 21. fxg3
g4 22. Qf2 Red8 23. Rc2 gxh3 24. gxh3 Kg7 25. g4 b4 26. axb4 Qxb4 27. Qg3 Qa5
28. Rf2 Qe5 29. Rf4 Rg8 30. Qf2 h5 31. Nf3 Bxf3 32. Qxf3 hxg4 33. hxg4 Rc7 34.
Ne4 Rh8 35. g5 Nxe4 36. Rxf7+ 1/2-1/2

[Event "4MCR_3DW_1L_2S"]
[Site "CR"]
[Date "2011.??.??"]
[Round "?"]
[White "Alexa, Jaroslav"]
[Black "Portych, Vaclav"]
[Result "1-0"]
[WhiteElo "2327"]
[BlackElo "2178"]
[Annotator "064"]
[PlyCount "81"]
[EventDate "2011.??.??"]
[EventType "corr"]

1. e4 c5 2. Nf3 Nc6 3. d4 cxd4 4. Nxd4 Nf6 5. Nc3 d6 6. Bg5 e6 7. Qd2 Be7 8.
O-O-O O-O 9. Nb3 a6 10. Bxf6 Bxf6 11. Qxd6 Bxc3 12. bxc3 Qf6 13. Qg3 e5 14. Bc4
Qe7 15. Kb2 Qc7 16. Bd5 a5 17. a4 Rb8 18. Qd3 Ne7 19. f3 Nxd5 20. exd5 Bd7 21.
d6 Qc8 22. c4 Bxa4 23. Rhe1 Bd7 24. Rxe5 a4 25. Nc5 b5 26. Ka3 bxc4 27. Qxc4
Qc6 28. Qa6 Rb6 29. Qd3 h6 30. Qd5 Qc8 31. Rde1 Rc6 32. R1e3 Kh8 33. Qd4 Rd8
34. c4 f6 35. Rh5 Re8 36. Rxe8+ Qxe8 37. Nxd7 Qxd7 38. Rd5 Rc8 39. Rb5 Re8 40.
Rb6 Re1 41. c5 1-0

[Event "4MCR_3DW_1L_2S"]
[Site "CR"]
[Date "2011.??.??"]
[Round "?"]
[White "Mudra, Oldrich"]
[Black "Cernovsky, Karel"]
[Result "1/2-1/2"]
[WhiteElo "2154"]
[BlackElo "2253"]
[Annotator "065"]
[PlyCount "118"]
[EventDate "2011.??.??"]
[EventType "corr"]

1. d4 Nf6 2. c4 e6 3. Nf3 d5 4. Nc3 c6 5. e3 Nbd7 6. Bd3 dxc4 7. Bxc4 b5 8. Bd3
Bb7 9. e4 b4 10. Na4 c5 11. e5 Nd5 12. O-O cxd4 13. Re1 a6 14. Nxd4 g6 15. Nf3
Bg7 16. Bg5 Qa5 17. a3 bxa3 18. Bd2 Qd8 19. Rxa3 O-O 20. h3 Qb8 21. Rb3 Qa7 22.
Be4 Rfc8 23. Bg5 Bf8 24. Be3 Nxe3 25. Rbxe3 Nc5 26. Bxb7 Qxb7 27. Nxc5 Rxc5 28.
Rb3 Qc7 29. Rd3 Rb8 30. b3 Rc3 31. Rxc3 Qxc3 32. Re3 Qb2 33. Qd3 Rb5 34. Qd1 h6
35. g3 Kg7 36. Ne1 Bc5 37. Nd3 Qd4 38. Qf3 Be7 39. b4 Rd5 40. h4 Kg8 41. Kg2
Bxb4 42. Re4 Qxd3 43. Qxd3 Rxd3 44. Rxb4 Ra3 45. Rb8+ Kg7 46. f4 Ra2+ 47. Kf3
a5 48. Ra8 h5 49. Ra7 a4 50. Ra8 Ra1 51. Ke2 Kh7 52. Kf3 Ra2 53. Rf8 Ra3+ 54.
Kf2 Kg7 55. Ra8 f5 56. Ra6 Ra2+ 57. Kf3 Kf7 58. Ra7+ Ke8 59. Ra6 Ra3+ 1/2-1/2

[Event "4MCR_3DW_1L_2S"]
[Site "CR"]
[Date "2011.??.??"]
[Round "?"]
[White "Mudra, Oldrich"]
[Black "Paulik, Vaclav"]
[Result "1/2-1/2"]
[WhiteElo "2154"]
[BlackElo "2281"]
[Annotator "066"]
[PlyCount "97"]
[EventDate "2011.??.??"]
[EventType "corr"]

1. Nf3 Nf6 2. g3 d5 3. Bg2 c6 4. O-O g6 5. d3 Bg7 6. Nbd2 O-O 7. e4 dxe4 8.
Nxe4 Nxe4 9. dxe4 Nd7 10. Re1 Ne5 11. Nxe5 Bxe5 12. c3 Qxd1 13. Rxd1 Be6 14. f4
Bg4 15. Re1 Bc7 16. Be3 e5 17. Kf2 Be6 18. Red1 f5 19. Bh3 Rae8 20. Bc5 Rf6 21.
fxe5 Bxe5 22. exf5 Bxf5 23. Kg2 Bxc3 24. bxc3 Re2+ 25. Kg1 Bxh3 26. Rd8+ Kf7
27. Rf8+ Kg7 28. Rxf6 Rg2+ 29. Kh1 Kxf6 30. Bxa7 Rb2 31. a4 Ke5 32. c4 Ke4 33.
a5 Kd3 34. c5 Bg2+ 35. Kg1 Bd5 36. h4 Rc2 37. Kf1 Ke3 38. Ra3+ Kd4 39. Bb6 h5
40. Ba7 Bc4+ 41. Kg1 Rd2 42. Bb6 Bd5 43. Ba7 Rg2+ 44. Kf1 Rb2 45. Bb6 Bb3 46.
Kg1 Be6 47. Kh1 Bc4 48. Kg1 Rd2 49. Ba7 1/2-1/2

[Event "4MCR_3DW_1L_2S"]
[Site "CR"]
[Date "2011.??.??"]
[Round "?"]
[White "Portych, Vaclav"]
[Black "Mezera, Lukas"]
[Result "1/2-1/2"]
[WhiteElo "2178"]
[BlackElo "2319"]
[Annotator "067"]
[PlyCount "63"]
[EventDate "2011.??.??"]
[EventType "corr"]

1. c4 e5 2. g3 Nf6 3. Bg2 d5 4. cxd5 Nxd5 5. Nf3 Nc6 6. O-O Nb6 7. b3 Bd6 8.
Bb2 Qe7 9. d3 O-O 10. Nc3 a6 11. Ne4 Ba3 12. Bxa3 Qxa3 13. Qc1 Qe7 14. Qc5 Qxc5
15. Nxc5 Rd8 16. Rac1 a5 17. a3 Nd5 18. Rc2 f6 19. Rfc1 Rb8 20. h3 Na7 21. e3
b6 22. Ne4 Ba6 23. Bf1 c5 24. d4 Bxf1 25. Kxf1 f5 26. Ned2 e4 27. Ne5 cxd4 28.
exd4 g6 29. a4 Rbc8 30. Ke2 Rxc2 31. Rxc2 Rc8 32. Rc4 1/2-1/2

[Event "4MCR_3DW_1L_2S"]
[Site "CR"]
[Date "2011.??.??"]
[Round "?"]
[White "Paulik, Vaclav"]
[Black "Alexa, Jaroslav"]
[Result "0-1"]
[WhiteElo "2281"]
[BlackElo "2327"]
[Annotator "068"]
[PlyCount "108"]
[EventDate "2011.??.??"]
[EventType "corr"]

1. e4 c5 2. c3 d5 3. exd5 Qxd5 4. d4 Nf6 5. Nf3 Bg4 6. Be2 e6 7. Na3 Nc6 8. h3
Bh5 9. Be3 cxd4 10. Nb5 O-O-O 11. Nbxd4 e5 12. Nxc6 Qxc6 13. Qb3 Bc5 14. O-O
Bxe3 15. fxe3 Qc7 16. Qc4 Rd5 17. Qxc7+ Kxc7 18. g4 Bg6 19. c4 Rd7 20. Rad1
Rxd1 21. Rxd1 Re8 22. Nh4 Bc2 23. Rc1 Be4 24. Rf1 Re7 25. Nf5 Bxf5 26. Rxf5 h6
27. Kg2 a5 28. h4 b6 29. Kf3 Nd7 30. Rh5 Nc5 31. g5 hxg5 32. Rxg5 g6 33. a3 e4+
34. Kg4 a4 35. Rd5 f6 36. Kg3 Rh7 37. Bf1 Rd7 38. Kf4 Kc6 39. Rxd7 Kxd7 40. Be2
Ke6 41. Bg4+ f5 42. Bd1 Kf6 43. Kg3 Ke5 44. Bc2 Nd3 45. Bxa4 Nxb2 46. Bb3 Nd3
47. a4 Kd6 48. Bd1 Kc5 49. h5 gxh5 50. Bxh5 Kxc4 51. Bg6 f4+ 52. exf4 e3 53.
Bf7+ Kc3 54. Bh5 Nc1 0-1

[Event "4MCR_3DW_1L_2S"]
[Site "CR"]
[Date "2011.??.??"]
[Round "?"]
[White "Alexa, Jaroslav"]
[Black "Bares, Jiri"]
[Result "1-0"]
[WhiteElo "2327"]
[BlackElo "2219"]
[Annotator "069"]
[PlyCount "75"]
[EventDate "2011.??.??"]
[EventType "corr"]

1. d4 Nf6 2. c4 e6 3. Nf3 d5 4. Nc3 Be7 5. Bg5 h6 6. Bh4 O-O 7. e3 Nbd7 8. Rc1
c6 9. Bd3 dxc4 10. Bxc4 b5 11. Bd3 Bb7 12. O-O a6 13. a4 b4 14. Bxf6 Nxf6 15.
Ne4 Nd7 16. Bb1 Rc8 17. Qc2 g6 18. Ne5 Nxe5 19. dxe5 c5 20. Rfd1 Qc7 21. Nd6
Bxd6 22. exd6 Qc6 23. e4 Rfd8 24. Qd2 Rd7 25. f4 a5 26. b3 Qb6 27. Kh1 Ba6 28.
e5 Kg7 29. Qe3 Qa7 30. Qg3 Kh7 31. h4 h5 32. Qg5 Be2 33. f5 exf5 34. Bxf5 gxf5
35. Qxf5+ Kh8 36. e6 fxe6 37. Qe5+ Rg7 38. Qxe2 1-0

[Event "4MCR_3DW_1L_2S"]
[Site "CR"]
[Date "2011.??.??"]
[Round "?"]
[White "Mezera, Lukas"]
[Black "Bares, Jiri"]
[Result "1/2-1/2"]
[WhiteElo "2319"]
[BlackElo "2219"]
[Annotator "070"]
[PlyCount "80"]
[EventDate "2011.??.??"]
[EventType "corr"]

1. d4 Nf6 2. Bg5 e6 3. e4 h6 4. Bxf6 Qxf6 5. Nc3 Bb4 6. Qd2 c5 7. a3 Bxc3 8.
bxc3 d6 9. f4 e5 10. Bb5+ Bd7 11. Rb1 Qxf4 12. Bxd7+ Nxd7 13. Qxf4 exf4 14.
Rxb7 Ke7 15. Kd2 Rab8 16. Rxb8 Rxb8 17. Nh3 g5 18. g3 fxg3 19. hxg3 Kf6 20. Nf2
Kg6 21. g4 Nf6 22. Kd3 Re8 23. Rb1 h5 24. gxh5+ Kxh5 25. dxc5 dxc5 26. Rb7 Kg6
27. Rxa7 g4 28. Ke2 g3 29. Nd3 Nxe4 30. Kf3 Kh5 31. Ra6 Kh4 32. Rh6+ Kg5 33.
Rh7 f5 34. a4 Rg8 35. Nf4 g2 36. Nxg2 Kf6 37. Rh6+ Ke5 38. Ne3 Rg3+ 39. Ke2
Nxc3+ 40. Kf2 Ne4+ 1/2-1/2

[Event "4MCR_3DW_1L_2S"]
[Site "CR"]
[Date "2011.??.??"]
[Round "?"]
[White "Portych, Vaclav"]
[Black "Alexa, Jaroslav"]
[Result "0-1"]
[WhiteElo "2178"]
[BlackElo "2327"]
[Annotator "071"]
[PlyCount "96"]
[EventDate "2011.??.??"]
[EventType "corr"]

1. c4 Nf6 2. g3 c6 3. Bg2 d5 4. Nf3 dxc4 5. Na3 b5 6. b3 cxb3 7. axb3 Bb7 8.
O-O e6 9. Bb2 Nbd7 10. Qc2 Qb6 11. Ne5 Nxe5 12. Bxe5 Nd7 13. Bb2 c5 14. d4 Bxg2
15. Kxg2 Qb7+ 16. Kg1 cxd4 17. Bxd4 e5 18. Bb2 Be7 19. Rac1 O-O 20. Qc7 Rfb8
21. Rfd1 Nf8 22. Nxb5 Qxb5 23. Qxe7 Qxe2 24. Qxe5 Qxe5 25. Bxe5 Rxb3 26. Ra1 f6
27. Bd6 Ne6 28. Re1 Kf7 29. Ra6 Rb6 30. Rea1 Rxa6 31. Rxa6 Ke8 32. h4 Kd7 33.
h5 Nd4 34. Bc5 Nc6 35. Kg2 Kc7 36. Kf3 Kb7 37. Ra1 a5 38. Ke4 Ka6 39. Rb1 Nb4
40. Bxb4 Rb8 41. Kf5 Rxb4 42. Rh1 Rb5+ 43. Ke4 a4 44. Kd3 a3 45. Kc3 a2 46. Ra1
Ra5 47. Kc4 Ra4+ 48. Kb3 Kb5 0-1

[Event "4MCR_3DW_1L_2S"]
[Site "CR"]
[Date "2011.??.??"]
[Round "?"]
[White "Mezera, Lukas"]
[Black "Portych, Vaclav"]
[Result "1-0"]
[WhiteElo "2319"]
[BlackElo "2178"]
[Annotator "072"]
[PlyCount "89"]
[EventDate "2011.??.??"]
[EventType "corr"]

1. e4 c5 2. Nf3 Nc6 3. Nc3 d6 4. d4 cxd4 5. Nxd4 e6 6. Be3 Nf6 7. f4 e5 8. Nf3
Ng4 9. Qd2 Nxe3 10. Qxe3 Be7 11. O-O-O exf4 12. Qxf4 O-O 13. Nd5 Be6 14. Kb1 a6
15. Be2 h6 16. Nxe7+ Qxe7 17. Rxd6 Rfd8 18. Rhd1 Rxd6 19. Qxd6 Qf6 20. Qg3 Rd8
21. Rxd8+ Qxd8 22. a3 Qa5 23. Qe1 Qh5 24. Bd3 Qg4 25. Qe2 Qh5 26. Qe3 Qg4 27.
Bf1 Ne5 28. b3 Nxf3 29. gxf3 Qh5 30. Qf2 Qa5 31. a4 Qc3 32. f4 g5 33. f5 Bxb3
34. cxb3 Qxb3+ 35. Kc1 Qxa4 36. Bd3 Qa3+ 37. Kd2 Qb4+ 38. Kd1 Qd6 39. Qg3 Qxg3
40. hxg3 f6 41. Bc4+ Kf8 42. g4 Ke7 43. Kd2 Kd6 44. Ke3 Ke5 45. Bd3 1-0

[Event "4MCR_3DW_1L_2S"]
[Site "CR"]
[Date "2011.??.??"]
[Round "?"]
[White "Svoboda, Frantisek"]
[Black "Paulik, Vaclav"]
[Result "1/2-1/2"]
[WhiteElo "2416"]
[BlackElo "2281"]
[Annotator "073"]
[PlyCount "101"]
[EventDate "2011.??.??"]
[EventType "corr"]

1. c4 e5 2. Nc3 Nf6 3. Nf3 Nc6 4. g3 Bb4 5. Nd5 Bc5 6. Bg2 d6 7. O-O O-O 8. e3
a6 9. d4 Ba7 10. dxe5 Nxe5 11. Nxe5 dxe5 12. Qf3 Ne8 13. Nc3 c6 14. b3 Nf6 15.
Ne4 Nxe4 16. Qxe4 Re8 17. Ba3 Qf6 18. c5 Bf5 19. Qb4 Qe7 20. Rfd1 Rad8 21. Bf1
Bb8 22. Rac1 h6 23. Be2 e4 24. Bb2 b5 25. Qc3 f6 26. b4 Qe6 27. Qa3 Bc7 28. Bd4
Qc8 29. Rd2 Rd5 30. Rcd1 Red8 31. f4 Kh7 32. Qb2 Bg4 33. Qc2 Bxe2 34. Rxe2 Qe6
35. a4 h5 36. Rf2 h4 37. axb5 axb5 38. Qe2 Ra8 39. f5 Qe8 40. Kg2 Be5 41. Bxe5
Qxe5 42. Rxd5 Qxd5 43. g4 Qd3 44. Qe1 Rd8 45. Kh3 Kg8 46. Kxh4 Qb3 47. g5 Rd1
48. Qe2 fxg5+ 49. Kxg5 Rg1+ 50. Kh4 Qxb4 51. Qa2+ 1/2-1/2

[Event "4MCR_3DW_1L_2S"]
[Site "CR"]
[Date "2011.??.??"]
[Round "?"]
[White "Kyhos, Alois"]
[Black "Svoboda, Frantisek"]
[Result "1/2-1/2"]
[WhiteElo "2315"]
[BlackElo "2416"]
[Annotator "074"]
[PlyCount "95"]
[EventDate "2011.??.??"]
[EventType "corr"]

1. d4 e6 2. e4 d5 3. Nc3 Nf6 4. e5 Nfd7 5. f4 c5 6. Nf3 Nc6 7. Be3 cxd4 8. Nxd4
Bc5 9. Qd2 O-O 10. O-O-O a6 11. Qf2 Bxd4 12. Bxd4 b5 13. Be3 b4 14. Ne2 a5 15.
Nd4 Nxd4 16. Bxd4 a4 17. Kb1 Ba6 18. f5 Qc7 19. Bxa6 Rxa6 20. Qe2 Rc6 21. f6
Rc8 22. Qg4 g6 23. Qh3 Qd8 24. Rd2 Qf8 25. Rf1 Nc5 26. Bxc5 Rxc5 27. Qe3 Rc4
28. Rf4 Rxf4 29. Qxf4 Qc5 30. Qd4 Qb5 31. Qd3 Qc6 32. Qe3 Qc4 33. Rf2 Qg4 34.
Kc1 Qh5 35. h3 Rc4 36. Qb6 Qg5+ 37. Kb1 Rc8 38. Qd4 h6 39. b3 Qg3 40. bxa4 Qa3
41. Rf4 Qxa4 42. Qd2 Qa7 43. Rxb4 Qc7 44. Qe2 Qa7 45. Qe1 Qc7 46. Qe2 Qc3 47.
Rb7 h5 48. Rb3 1/2-1/2